000 00312nam a2200121Ia 4500
008 231129s1998||||xx |||||||||||||| ||spa||
082 _aER- 456
100 _aZuluaga Gómez Ví­ctor
245 0 _aCrónicas de la antigua Pereira
260 _c1998
264 _aPereira: Gráficas Buda 1998
942 _2ddc
_cBKS
999 _c8281
_d8281